| 000 | 00714nam a2200205Ia 4500 | ||
|---|---|---|---|
| 005 | 20241216011323.0 | ||
| 008 | 190429s9999||||xx |||||||||||||| ||und|| | ||
| 082 |
_a363.7394 _bC26 |
||
| 100 | _aCARHUAPOMA CARLOS SANDRA PILAR | ||
| 245 | 0 |
_aPROPUESTA DE APROVECHAMIENTO DEL AGUA PLUVIAL PARA EL CONSUMO HUMANO EN EL ASENTAMIENTO HUMANO TUPAC AMARU DEL DISTRITO CHAUPIMARCA PASCO _bcd |
|
| 250 | _a0 | ||
| 260 |
_aCERRO DE PASCO-PERU _bUNDAC _c2012 |
||
| 300 |
_a111 pag. _c30 cm. |
||
| 341 | _h0 | ||
| 490 |
_v0 _a0 |
||
| 505 | _aPLANTEAMIENTO DEL PROBLEMA/MARCO TEORICO/METODOLOGIA/RESULTADOS/CONCLUSIONES | ||
| 541 |
_aD _bCARHUAPOMA CARLOS SANDRA _d27-Aug-14 _oSoles |
||
| 650 | _aAmbiental | ||
| 942 | _cTESIS | ||
| 999 |
_c38664 _d38664 |
||